000 00754nam a2200265Ia 4500
003 OSt
005 20220918163312.0
006 a|||||r|||| 00| 0
007 ta
008 220917b |||||||| |||| 00| 0 eng d
020 _a0 521 41352 4
024 _a251,819
037 _cTextual
040 _aARTS
_cARTS
_beng
041 _2eng
_aeng
082 _aY33.560j53, N2
100 _aHilton R H
_912581
245 0 _aEnglish and French towns in feudal society
_b a comparative study
260 _aCambridge
_bCambridge University Press UK
_c1992
300 _a174p.
_ccm.
490 _aPast and present publications
650 _aSOCIOLOGY
942 _hY33.560j53, N2
_cTEXL
_2CC
999 _c119011
_d119011